000 00646nam a2200193 a 4500
005 20230524063800.0
008 991125s1978 mx 000 0 spa u
020 _a9684161069
035 _aUPN01000037429
049 _aLT
050 4 _aLB1589 M6.6
_bM3.4
245 0 0 _aMatemáticas modernas :
_blibro 6 : sexto año /
_c[Arcadio Moreno Aguilar]
260 _aMéxico :
_bFernández,
_c1978.
300 _a144 p.
440 0 _aContinental de textos programados para la educación primaria.
_pFesa ;
_v146
650 4 _aMatemáticas
_xEstudio y enseñanza (Elemental)
_92809
700 1 _aMoreno Aguilar, Arcadio,
_ecoaut.
_929391
905 _aLibro
999 _c37429
_d37429